[Event "Quebec Festival II"]
[Site "Quebec CAN"]
[Date "2005.08.15"]
[Round "5"]
[White "Lessard, Claude"]
[Black "Laflamme, Simon"]
[Result "1-0"]
[WhiteElo "1969"]
[BlackElo "1999"]
[PlyCount "39"]
[GameId "2160767910901020"]
[EventDate "2005.07.18"]
[EventType "swiss"]
[EventRounds "5"]
[EventCountry "CAN"]

1. d4 Nf6 2. c4 Nc6 3. d5 Ne5 4. Nc3 e6 5. dxe6 fxe6 6. e4 Bc5 7. Nh3 O-O 8. Bf4 Ng6 9. Bg3 d6 10. Qd2 e5 11. O-O-O Bxh3 12. gxh3 Nh5 13. Be2 Nhf4 14. Bg4 h5 15. Bf5 h4 16. Bxf4 Nxf4 17. Rhg1 Bxf2 18. Qxf2 Nxh3 19. Qf3 Nxg1 20. Be6+ 1-0

[Event "Quebec op"]
[Site "Montreal CAN"]
[Date "2005.07.22"]
[Round "6"]
[White "Berube, Antoine"]
[Black "Luksza, Arkadiusz"]
[Result "1/2-1/2"]
[WhiteElo "2168"]
[BlackElo "2173"]
[PlyCount "95"]
[GameId "2160767910901021"]
[EventDate "2005.07.17"]
[EventType "swiss"]
[EventRounds "9"]
[EventCountry "CAN"]
[SourceTitle "hb 2012"]

1. d4 e6 2. c4 Nf6 3. Nc3 Bb4 4. Nf3 O-O 5. Bg5 d5 6. e3 h6 7. Bh4 Nc6 8. Ne5 Bxc3+ 9. bxc3 Nxe5 10. dxe5 g5 11. Bg3 Ne4 12. Bd3 Nc5 13. Bc2 dxc4 14. Qg4 Nd3+ 15. Ke2 b5 16. a4 Ba6 17. axb5 Bxb5 18. h4 Kg7 19. f4 f5 20. exf6+ Qxf6 21. hxg5 Qxc3 22. Ra2 Rad8 23. gxh6+ Kh8 24. Qg7+ Qxg7 25. hxg7+ Kxg7 26. Rxa7 Rf7 27. Rh5 c6 28. Rg5+ Kf8 29. Ra1 c3 30. Rxb5 Nxf4+ 31. exf4 Rd2+ 32. Kf3 cxb5 33. Bg6 Rfd7 34. Be1 R2d6 35. Bxc3 Rd3+ 36. Bxd3 Rxd3+ 37. Ke4 Rxc3 38. g4 Rg3 39. g5 b4 40. Ra7 b3 41. Rb7 Rc3 42. Ke5 Rf3 43. g6 Kg8 44. Rb4 Kg7 45. Kxe6 Kxg6 46. Ke5 Re3+ 47. Kd4 Re1 48. Rxb3 1/2-1/2

[Event "Quebec op"]
[Site "Montreal CAN"]
[Date "2005.07.22"]
[Round "6"]
[White "Caceres Cortes, Julio"]
[Black "Trottier, Alain"]
[Result "1-0"]
[WhiteElo "2023"]
[BlackElo "1972"]
[PlyCount "63"]
[GameId "2160767910901022"]
[EventDate "2005.07.17"]
[EventType "swiss"]
[EventRounds "9"]
[EventCountry "CAN"]
[SourceTitle "hb 2012"]

1. d4 c6 2. e4 d5 3. e5 Bf5 4. Nc3 h5 5. Nge2 e6 6. Ng3 Bg6 7. Bd3 Bxd3 8. Qxd3 c5 9. dxc5 Nc6 10. Qb5 Qc7 11. f4 a6 12. Qb6 Qxb6 13. cxb6 Nd4 14. Kd1 Ne7 15. Be3 Ndf5 16. Bf2 O-O-O 17. Ke2 f6 18. exf6 gxf6 19. Nxf5 Nxf5 20. Kd3 e5 21. Rad1 e4+ 22. Ke2 d4 23. Nxe4 Be7 24. Rhe1 Bb4 25. c3 dxc3 26. bxc3 Rde8 27. Kf1 Be7 28. Rd5 Ng7 29. Bd4 Rhf8 30. Nc5 Bxc5 31. Rxc5+ Kd8 32. Rxe8+ 1-0

[Event "Quebec op"]
[Site "Montreal CAN"]
[Date "2005.07.22"]
[Round "6"]
[White "Fernandez, Lautaro"]
[Black "Yao, Sammy"]
[Result "1/2-1/2"]
[WhiteElo "2120"]
[BlackElo "1862"]
[PlyCount "86"]
[GameId "2160767910901023"]
[EventDate "2005.07.17"]
[EventType "swiss"]
[EventRounds "9"]
[EventCountry "CAN"]
[SourceTitle "hb 2012"]

1. d4 Nf6 2. c4 g6 3. Nc3 Bg7 4. e4 d6 5. f3 O-O 6. Be3 c5 7. dxc5 dxc5 8. Qxd8 Rxd8 9. Bxc5 Nc6 10. Nd5 Nd7 11. Nxe7+ Nxe7 12. Bxe7 Bxb2 13. Bxd8 Bxa1 14. Bg5 Nb6 15. c5 Na4 16. Bc4 Nxc5 17. Be3 Be6 18. Bxe6 Nxe6 19. Ne2 Rc8 20. Kf2 Bg7 21. Rd1 Rc2 22. a4 Kf8 23. f4 Ke8 24. Kf3 Nc5 25. a5 Nxe4 26. Rb1 Rxe2 27. Kxe4 Rb2 28. Rxb2 Bxb2 29. Bxa7 Bc3 30. Bb6 Kd7 31. Kd5 h5 32. g3 Be1 33. Ke5 Bc3+ 34. Kd5 f5 35. Kc4 Bd2 36. Kd5 h4 37. Ke5 hxg3 38. hxg3 Ke7 39. Bc5+ Kf7 40. Bb6 Bb4 41. Kd5 Be7 42. Bc5 Bd8 43. Bb6 Be7 1/2-1/2

[Event "Quebec op"]
[Site "Montreal CAN"]
[Date "2005.07.22"]
[Round "6"]
[White "Haukenfrers, Dale"]
[Black "Cloutier, Mathieu"]
[Result "0-1"]
[WhiteElo "2150"]
[BlackElo "1950"]
[PlyCount "150"]
[GameId "2160767910901024"]
[EventDate "2005.07.17"]
[EventType "swiss"]
[EventRounds "9"]
[EventCountry "CAN"]
[SourceTitle "hb 2012"]

1. Na3 c6 2. e3 e5 3. g4 d5 4. c4 Nf6 5. g5 Ne4 6. Nf3 Nxg5 7. Nxe5 Qf6 8. Rg1 Ne4 9. Ng4 Bxg4 10. Qxg4 Qxf2+ 11. Kd1 f5 12. Qg2 Qxg2 13. Rxg2 a6 14. Nc2 g6 15. cxd5 cxd5 16. Nd4 Nc6 17. d3 Nf6 18. Ne6 Bd6 19. h3 h6 20. Bd2 Kf7 21. Nf4 Bxf4 22. exf4 Rhe8 23. Rc1 Re7 24. Be2 Nd4 25. Bf1 Nh5 26. Rc5 Rd7 27. Rf2 b6 28. Rc1 Ne6 29. Rc6 Rb8 30. Bg2 a5 31. Bf1 Nd4 32. Rc1 Ng7 33. Rg2 Nge6 34. Rg3 Rc7 35. Rxc7+ Nxc7 36. Bc3 Nc6 37. Bg2 Re8 38. h4 h5 39. Bf3 Re6 40. Bh8 Kg8 41. Bc3 d4 42. Bxc6 dxc3 43. Bd7 Rd6 44. Bxf5 cxb2 45. Kc2 Kf7 46. Be4 Nd5 47. Rf3 Nc3 48. Kxb2 Nxe4 49. dxe4 Rd4 50. Re3 Rd2+ 51. Kb3 Rh2 52. e5 Rxh4 53. e6+ Ke7 54. Kc4 Rxf4+ 55. Kd5 Rf2 56. Rb3 Rd2+ 57. Ke4 Re2+ 58. Kd5 Rxe6 59. a4 Rf6 60. Ke5 Kf7 61. Rc3 Rf5+ 62. Ke4 b5 63. Rc7+ Kf6 64. Rc6+ Kg5 65. Rb6 bxa4 66. Ke3 a3 67. Rb3 Kg4 68. Ke4 Rf4+ 69. Ke5 Ra4 70. Rb1 a2 71. Ra1 h4 72. Kd5 h3 73. Kc5 h2 74. Kb5 h1=Q 75. Kxa4 Qxa1 0-1

[Event "Quebec op"]
[Site "Montreal CAN"]
[Date "2005.07.22"]
[Round "6"]
[White "Malek, Omid"]
[Black "Nicula, Marius"]
[Result "1-0"]
[WhiteElo "2021"]
[BlackElo "2163"]
[PlyCount "147"]
[GameId "2160767910901025"]
[EventDate "2005.07.17"]
[EventType "swiss"]
[EventRounds "9"]
[EventCountry "CAN"]
[SourceTitle "hb 2012"]

1. e4 e6 2. d3 d5 3. Nd2 Nf6 4. Ngf3 b6 5. e5 Nfd7 6. d4 c5 7. c3 cxd4 8. cxd4 Ba6 9. Be2 Be7 10. O-O O-O 11. Nb3 Bxe2 12. Qxe2 Qc8 13. Bf4 Qa6 14. Qe3 Nc6 15. a3 Na5 16. Nbd2 Rac8 17. b4 Nc4 18. Qd3 h6 19. g4 Qa4 20. g5 Nxd2 21. Bxd2 h5 22. g6 Qc2 23. Ne1 Qxd3 24. gxf7+ Kxf7 25. Nxd3 Rc2 26. Rfd1 Rfc8 27. Ne1 R2c4 28. Be3 g5 29. Nf3 Kg6 30. Kh1 Kf5 31. Nd2 R4c7 32. h3 Nf8 33. Rg1 Rc3 34. Nf1 h4 35. Nh2 Nh7 36. Ng4 Bf8 37. Raf1 Be7 38. Kg2 Kg6 39. Rd1 Rc2 40. Rd3 R2c4 41. Bd2 a6 42. Ne3 R4c7 43. Rf1 Rf8 44. Nd1 Kh5 45. f3 Rc2 46. Rf2 Rc4 47. Nb2 Rc6 48. Na4 Bd8 49. Rf1 Rf7 50. Rb1 Rc4 51. Kf2 Nf8 52. Nc3 b5 53. a4 Rb7 54. axb5 axb5 55. Ra1 Rxb4 56. Nxd5 Ra4 57. Rxa4 bxa4 58. Nc3 a3 59. Bc1 Ra7 60. Na2 Be7 61. Ke3 Nd7 62. Rb3 Kg6 63. Kd3 Kf5 64. Kc2 Nf8 65. Kb1 Ng6 66. Rb6 Rd7 67. Be3 Nf4 68. Nc3 Nxh3 69. Rb3 Nf4 70. Ne4 Nd5 71. Bd2 Ra7 72. Rb8 a2+ 73. Ka1 Ra4 74. Nd6+ 1-0

[Event "Quebec op"]
[Site "Montreal CAN"]
[Date "2005.07.22"]
[Round "6"]
[White "Malette, Martin"]
[Black "Masse, Hugues"]
[Result "1/2-1/2"]
[WhiteElo "2043"]
[BlackElo "2264"]
[PlyCount "96"]
[GameId "2160767910901026"]
[EventDate "2005.07.17"]
[EventType "swiss"]
[EventRounds "9"]
[EventCountry "CAN"]
[SourceTitle "hb 2012"]

1. d4 Nf6 2. c4 g6 3. Nc3 d5 4. Nf3 Bg7 5. Qb3 dxc4 6. Qxc4 O-O 7. e4 Nc6 8. Be2 Bg4 9. Be3 Bxf3 10. Bxf3 e5 11. d5 Nd4 12. O-O-O a6 13. Ne2 b5 14. Qd3 c5 15. dxc6 Nxc6 16. Qxd8 Rfxd8 17. Rxd8+ Rxd8 18. Rd1 Rxd1+ 19. Kxd1 Kf8 20. a4 b4 21. Kc2 Ke8 22. Kb3 Bf8 23. Kc4 Kd7 24. Bb6 Kc8 25. Nc1 Kb7 26. Be3 Na5+ 27. Kd3 Kc6 28. Bd1 Nd7 29. Nb3 Nxb3 30. Bxb3 Nc5+ 31. Bxc5 Bxc5 32. Bxf7 Bxf2 33. Kc4 b3 34. Be8+ Kd6 35. Kxb3 a5 36. Kc4 Be1 37. Bf7 g5 38. g3 Bb4 39. Kb5 Be1 40. Bg8 h6 41. Bf7 Bb4 42. h4 gxh4 43. gxh4 Be1 44. h5 Bb4 45. Kb6 Ke7 46. Bg6 Kd6 47. Bf7 Ke7 48. Bg6 Kd6 1/2-1/2

[Event "Quebec op"]
[Site "Montreal CAN"]
[Date "2005.07.22"]
[Round "6"]
[White "Malveau, Cedric"]
[Black "Ye, Ling Feng"]
[Result "0-1"]
[WhiteElo "1962"]
[BlackElo "2051"]
[PlyCount "86"]
[GameId "2160767910901027"]
[EventDate "2005.07.17"]
[EventType "swiss"]
[EventRounds "9"]
[EventCountry "CAN"]
[SourceTitle "hb 2012"]

1. e4 c5 2. Nc3 e6 3. g3 Nc6 4. Bg2 g6 5. d3 Bg7 6. Be3 b6 7. f4 Bb7 8. Nge2 Nge7 9. O-O O-O 10. Qd2 d5 11. exd5 exd5 12. d4 Nf5 13. Nxd5 Ncxd4 14. Bxd4 Bxd5 15. Bxg7 Bxg2 16. Rfd1 Kxg7 17. Kxg2 Qf6 18. Nc3 Rad8 19. Qf2 Nd4 20. Rd3 Rfe8 21. Rad1 Re7 22. Kf1 a6 23. a3 Qf5 24. b4 Rde8 25. bxc5 bxc5 26. R3d2 Re3 27. Rd3 Qh3+ 28. Qg2 Qxg2+ 29. Kxg2 Nxc2 30. Kh3 Nxa3 31. Nd5 Rxd3 32. Rxd3 Nb5 33. Nb6 Re6 34. Nc4 Re4 35. Ne5 Rd4 36. Rb3 c4 37. Rb4 c3 38. Nc6 Rxb4 39. Nxb4 Nd4 40. Na2 c2 41. Nc1 a5 42. Kg2 a4 43. Kf2 Nb3 0-1

[Event "Quebec op"]
[Site "Montreal CAN"]
[Date "2005.07.22"]
[Round "6"]
[White "Ramaswamy, Kishor"]
[Black "Carrier, Claude"]
[Result "1/2-1/2"]
[WhiteElo "2079"]
[BlackElo "2049"]
[PlyCount "129"]
[GameId "2160767910901028"]
[EventDate "2005.07.17"]
[EventType "swiss"]
[EventRounds "9"]
[EventCountry "CAN"]
[SourceTitle "hb 2012"]

1. d4 Nf6 2. Nf3 d5 3. Bg5 g6 4. Nbd2 Bg7 5. e3 Bf5 6. Bd3 Bxd3 7. cxd3 Nc6 8. Qb3 Rb8 9. O-O O-O 10. Qc3 h6 11. Bh4 g5 12. Bg3 Nh5 13. b4 Nxg3 14. hxg3 a6 15. a4 g4 16. Nh2 Qd7 17. b5 axb5 18. axb5 Nd8 19. Rfc1 Ne6 20. Nb3 h5 21. Nc5 Nxc5 22. Qxc5 Rfc8 23. b6 cxb6 24. Qxb6 Rxc1+ 25. Rxc1 Rc8 26. Rc5 Rc6 27. Rxc6 Qxc6 28. Qxc6 bxc6 29. Nf1 f5 30. Nd2 e5 31. dxe5 Bxe5 32. d4 Bd6 33. Nb3 Bb4 34. Nc1 Kf7 35. Nd3 Bd6 36. Kf1 Ke6 37. Ke2 Kd7 38. Kd2 Kc7 39. Kc2 Kb6 40. Kc3 Ka5 41. Ne5 Bb4+ 42. Kd3 Kb5 43. Ng6 c5 44. dxc5 Bxc5 45. Nh4 f4 46. gxf4 Be7 47. Ng6 Bf6 48. g3 Kc5 49. Nh4 Kd6 50. e4 dxe4+ 51. Kxe4 Ke6 52. Nf5 Bc3 53. Nh4 Be1 54. Ke3 Kf6 55. Ng2 Ba5 56. Ke4 Bd2 57. f5 Ba5 58. Nf4 Be1 59. Nd3 Bc3 60. Nc5 Be1 61. Kf4 Bd2+ 62. Ke4 Be1 63. Nd3 Bc3 64. Nf4 Be1 65. Nd3 1/2-1/2

[Event "Quebec op"]
[Site "Montreal CAN"]
[Date "2005.07.22"]
[Round "6"]
[White "Rivest, Jean-Michel"]
[Black "St Amand, Paul Jr"]
[Result "1-0"]
[WhiteElo "1921"]
[BlackElo "2109"]
[PlyCount "119"]
[GameId "2160767910901029"]
[EventDate "2005.07.17"]
[EventType "swiss"]
[EventRounds "9"]
[EventCountry "CAN"]
[SourceTitle "hb 2012"]

1. e4 e5 2. Nf3 Nc6 3. Bb5 a6 4. Ba4 Nf6 5. O-O b5 6. Bb3 Bc5 7. c3 d6 8. d4 Bb6 9. Re1 O-O 10. a4 Bb7 11. d5 Ne7 12. Bg5 Ng6 13. Na3 h6 14. Be3 Bxe3 15. Rxe3 Qd7 16. c4 b4 17. Nc2 a5 18. Qd2 c5 19. Nfe1 Kh7 20. Nd3 Nf4 21. f3 N6h5 22. Nxf4 Nxf4 23. Ne1 Qe7 24. Nd3 Ng6 25. Bc2 Rae8 26. Rf1 Bc8 27. f4 exf4 28. Nxf4 Ne5 29. b3 Kh8 30. Rg3 Qh4 31. Ne2 Ng4 32. Rh3 Qe7 33. Ng3 Qe5 34. Nf5 Bxf5 35. Rxf5 Qd4+ 36. Qxd4 cxd4 37. Bd3 Ne3 38. Rf2 Nd1 39. Rd2 Nc3 40. Rh4 Re5 41. Kf2 Rfe8 42. Kf3 Kh7 43. Rf4 Kg8 44. Bc2 g5 45. Rf6 Nxe4 46. Bxe4 Rxe4 47. g3 Re3+ 48. Kg4 Rxb3 49. Rxd6 Rc8 50. Rc6 Rd8 51. Rxd4 Rc3 52. Rxh6 Rc8 53. Rc6 Rd8 54. d6 Kf8 55. Kxg5 b3 56. Rb6 Rd7 57. Kf6 Rf3+ 58. Rf4 Rxf4+ 59. gxf4 Rd8 60. c5 1-0

[Event "Quebec op"]
[Site "Montreal CAN"]
[Date "2005.07.22"]
[Round "6"]
[White "Robidas, Francois"]
[Black "Trahan, Daniel"]
[Result "1/2-1/2"]
[WhiteElo "2125"]
[BlackElo "1999"]
[PlyCount "110"]
[GameId "2160767910901030"]
[EventDate "2005.07.17"]
[EventType "swiss"]
[EventRounds "9"]
[EventCountry "CAN"]
[SourceTitle "hb 2012"]

1. e4 c5 2. c3 Nf6 3. e5 Nd5 4. Nf3 Nc6 5. Bc4 Nb6 6. Bb3 d5 7. exd6 Qxd6 8. O-O Bg4 9. Bxf7+ Kxf7 10. Ng5+ Kg8 11. Qxg4 e5 12. Na3 Re8 13. Nc4 Qd7 14. Qe4 Nd5 15. Ne3 Nf4 16. Qc4+ Ne6 17. Nxe6 Qxe6 18. Qe4 g6 19. d3 h5 20. Nd5 Rh7 21. Bg5 Rf7 22. b3 Bg7 23. Rae1 Qf5 24. Be3 b6 25. Rd1 Kh7 26. f3 Rd8 27. Bf2 Qe6 28. c4 Qf5 29. Rfe1 g5 30. a3 Kg6 31. b4 cxb4 32. axb4 Bf8 33. b5 Nb4 34. Ne3 Qxe4 35. dxe4 Nd3 36. Re2 Rfd7 37. Bg3 Nf4 38. Rxd7 Nxe2+ 39. Kf2 Rxd7 40. Kxe2 Kf6 41. Nd5+ Ke6 42. h3 Bc5 43. Be1 Rg7 44. Bc3 Bg1 45. g3 Rg8 46. Bb4 Rc8 47. Kd3 Bh2 48. Be1 Rf8 49. Ke2 Bg1 50. Bd2 Rg8 51. Bc1 Bh2 52. g4 hxg4 53. hxg4 Bf4 54. Ba3 Rc8 55. Kd3 Bg3 1/2-1/2

[Event "Quebec op"]
[Site "Montreal CAN"]
[Date "2005.07.22"]
[Round "6"]
[White "Rosen, Matthew"]
[Black "Gacogne, Charlie"]
[Result "1-0"]
[WhiteElo "2191"]
[BlackElo "2003"]
[PlyCount "99"]
[GameId "2160767910901031"]
[EventDate "2005.07.17"]
[EventType "swiss"]
[EventRounds "9"]
[EventCountry "CAN"]
[SourceTitle "hb 2012"]

1. Nf3 Nf6 2. c4 d6 3. b3 Nbd7 4. Bb2 c6 5. Nc3 e5 6. e4 Be7 7. d4 O-O 8. Be2 Re8 9. O-O Bf8 10. dxe5 dxe5 11. Qc2 Qc7 12. Na4 b6 13. Rad1 g6 14. h3 Nh5 15. g3 Ng7 16. Kg2 Ne6 17. Rxd7 Bxd7 18. Nxe5 Bg7 19. f4 c5 20. Nxd7 Qxd7 21. Bg4 h5 22. Bxe6 Qxe6 23. Bxg7 Kxg7 24. Nc3 Rad8 25. Re1 Rd4 26. Qe2 a6 27. Qf3 Rd2+ 28. Re2 Rd4 29. f5 Qe5 30. fxg6 fxg6 31. Rf2 Qe6 32. a4 Rd7 33. Nd5 Rf7 34. Qxf7+ Qxf7 35. Rxf7+ Kxf7 36. Kf3 Re6 37. Kf4 Kg7 38. h4 Kf7 39. e5 Rc6 40. Ke4 Ke6 41. Nf4+ Kf7 42. Kd5 Rc8 43. Kd6 Rd8+ 44. Kc7 Re8 45. e6+ Kf6 46. Kd7 Re7+ 47. Kd6 Rb7 48. Nd5+ Kg7 49. e7 Kf7 50. Nc7 1-0

[Event "Quebec op"]
[Site "Montreal CAN"]
[Date "2005.07.22"]
[Round "6"]
[White "Rouleau, Paul"]
[Black "Yuan, Yuanling"]
[Result "0-1"]
[WhiteElo "1919"]
[BlackElo "1995"]
[PlyCount "86"]
[GameId "2160767910901032"]
[EventDate "2005.07.17"]
[EventType "swiss"]
[EventRounds "9"]
[EventCountry "CAN"]
[SourceTitle "hb 2012"]

1. e4 c5 2. c3 d5 3. exd5 Qxd5 4. d4 Nc6 5. Nf3 Bg4 6. Be2 e6 7. h3 Bh5 8. c4 Qd7 9. g4 Bg6 10. d5 Nd8 11. Ne5 Qc7 12. Qa4+ Ke7 13. Bf4 Qc8 14. d6+ Kxd6 15. Nxg6+ e5 16. Bxe5+ Ke6 17. Qd1 fxg6 18. g5 Ne7 19. Bg4+ Nf5 20. Qd5+ Ke7 21. O-O Qc6 22. Qf3 Qd7 23. Qc3 Kf7 24. Rd1 Qe7 25. Qf3 Qxe5 26. Nc3 Be7 27. Re1 Qd6 28. Bxf5 gxf5 29. Qxf5+ Ke8 30. Rad1 Rf8 31. Qg4 Qc6 32. Nd5 Rf7 33. Rd3 Kf8 34. Rf3 Bd6 35. g6 hxg6 36. Rfe3 Kg8 37. Re8+ Rf8 38. Nf6+ Kf7 39. Rxd8 Bh2+ 40. Kxh2 Raxd8 41. Ne4 Kg8 42. Ng5 Rxf2+ 43. Kg1 Rxb2 0-1

[Event "Quebec op"]
[Site "Montreal CAN"]
[Date "2005.07.23"]
[Round "8"]
[White "Audet-Bouchard, Nicolas"]
[Black "Robichaud, Louis"]
[Result "0-1"]
[WhiteElo "2128"]
[BlackElo "2158"]
[PlyCount "175"]
[GameId "2160767910901035"]
[EventDate "2005.07.17"]
[EventType "swiss"]
[EventRounds "9"]
[EventCountry "CAN"]
[SourceTitle "hb 2012"]

1. e4 e5 2. f4 exf4 3. Bc4 Qh4+ 4. Kf1 d6 5. Nf3 Qd8 6. d4 Be7 7. Bxf4 Nf6 8. Qe2 O-O 9. Nc3 c6 10. Re1 Bg4 11. h3 Bxf3 12. Qxf3 h6 13. g4 Nh7 14. Kg2 Nd7 15. Ref1 b5 16. Bd3 b4 17. Ne2 c5 18. e5 dxe5 19. dxe5 Nb6 20. h4 Qd5 21. Be4 Qxa2 22. b3 Qa6 23. Bxh6 gxh6 24. Qf5 Qxe2+ 25. Rf2 Qxe4+ 26. Qxe4 Rad8 27. Kh3 Rd4 28. Qf5 Nd5 29. Rg1 Nc7 30. Qh5 Kg7 31. Rgf1 f6 32. Qf5 Nd5 33. Qe6 Rf7 34. Rf3 Nf8 35. Qa6 Ng6 36. exf6+ Bxf6 37. h5 Ngf4+ 38. Kg3 Be5 39. Kh2 Nxh5+ 40. Kh1 Nhf4 41. Qc6 Rc7 42. Qe8 Re7 43. Qc6 Rd2 44. R3f2 Rxf2 45. Rxf2 Bd4 46. Rf1 Re6 47. Qd7+ Kg6 48. Qd8 Bf6 49. Qf8 Re7 50. Qc8 Re5 51. Qg8+ Bg7 52. Ra1 Re7 53. Ra6+ Kg5 54. Qc8 Bd4 55. Qd8 Kxg4 56. Rxh6 Re1+ 57. Kh2 Bg1+ 58. Kh1 Bd4+ 59. Kh2 Re2+ 60. Kh1 Ne7 61. Rh7 Nf5 62. Qc8 Kf3 63. Qa8+ Ke3 64. Qg8 Kd2 65. Qg5 Re1+ 66. Kh2 Bg1+ 67. Kh1 Be3+ 68. Kh2 Nd4 69. Rd7 Ke2 70. Rxd4 cxd4 71. Qb5+ Kd1 72. Qxb4 Re2+ 73. Kg3 Rxc2 74. Kf3 Nd5 75. Qa5 Nc3 76. Qa1+ Kd2 77. Qxa7 Rc1 78. b4 Rf1+ 79. Kg2 d3 80. Qa3 Rb1 81. Kf3 Bd4 82. Qa6 Rxb4 83. Qd6 Ra4 84. Qh2+ Kc1 85. Qh1+ Kc2 86. Qh7 Be5 87. Ke3 Bd4+ 88. Kf3 0-1

[Event "Quebec op"]
[Site "Montreal CAN"]
[Date "2005.07.23"]
[Round "8"]
[White "Bolduc, Steve"]
[Black "Roy, Alain"]
[Result "1-0"]
[WhiteElo "2206"]
[BlackElo "2117"]
[PlyCount "77"]
[GameId "2160767910901036"]
[EventDate "2005.07.17"]
[EventType "swiss"]
[EventRounds "9"]
[EventCountry "CAN"]

1. d4 g6 2. c4 Nf6 3. Nc3 Bg7 4. e4 d6 5. Be2 O-O 6. Nf3 e5 7. O-O Nc6 8. d5 Ne7 9. Nd2 Nd7 10. b4 f5 11. a4 Nf6 12. a5 f4 13. c5 Kh8 14. Qc2 g5 15. cxd6 cxd6 16. Nb5 Ne8 17. Bb2 Bd7 18. f3 Rf6 19. Rfc1 Rg6 20. Ra3 h5 21. Nc7 Rc8 22. Rc3 g4 23. Nxe8 Qxe8 24. Rxc8 Bxc8 25. Qc7 Qf8 26. Qb8 Bh6 27. Nc4 gxf3 28. Bxf3 Qg8 29. Rc2 Bg4 30. Qxg8+ Nxg8 31. Bxg4 hxg4 32. Nxd6 Rxd6 33. Bxe5+ Rf6 34. d6 Bf8 35. d7 Be7 36. Rc8 Kh7 37. Bxf6 Nxf6 38. d8=Q Bxd8 39. Rxd8 1-0

[Event "Quebec op"]
[Site "Montreal CAN"]
[Date "2005.07.23"]
[Round "8"]
[White "Caceres Cortes, Julio"]
[Black "Carrier, Claude"]
[Result "1/2-1/2"]
[WhiteElo "2023"]
[BlackElo "2049"]
[PlyCount "74"]
[GameId "2160767910901037"]
[EventDate "2005.07.17"]
[EventType "swiss"]
[EventRounds "9"]
[EventCountry "CAN"]
[SourceTitle "hb 2012"]

1. e4 c5 2. Nf3 e6 3. d4 cxd4 4. Nxd4 Nf6 5. Nc3 d6 6. Bg5 h6 7. Be3 a6 8. f3 b5 9. Qd2 Bb7 10. O-O-O Nbd7 11. g4 b4 12. Na4 Qa5 13. b3 Nc5 14. a3 Rc8 15. axb4 Nxb3+ 16. Nxb3 Qxa4 17. Kb2 d5 18. c3 dxe4 19. Ra1 Qd7 20. Qxd7+ Nxd7 21. fxe4 Be7 22. Bxa6 Bxa6 23. Rxa6 Bf6 24. Bc5 Nxc5 25. Nxc5 h5 26. gxh5 Rxh5 27. h3 g5 28. Rf1 Be7 29. Rf3 Bxc5 30. bxc5 Rxc5 31. Ra8+ Ke7 32. Ra7+ Kd6 33. Raxf7 Ke5 34. Re3 Rc4 35. Re7 Rh4 36. Rg7 Kf4 37. Kb3 Kxe3 1/2-1/2

[Event "Quebec op"]
[Site "Montreal CAN"]
[Date "2005.07.23"]
[Round "8"]
[White "Cloutier, Mathieu"]
[Black "Ramaswamy, Kishor"]
[Result "0-1"]
[WhiteElo "1950"]
[BlackElo "2079"]
[PlyCount "84"]
[GameId "2160767910901038"]
[EventDate "2005.07.17"]
[EventType "swiss"]
[EventRounds "9"]
[EventCountry "CAN"]
[SourceTitle "hb 2012"]

1. e4 c6 2. d4 d5 3. exd5 cxd5 4. Bd3 Nc6 5. c3 Qc7 6. h3 Nf6 7. Be3 e6 8. Ne2 Bd6 9. Nd2 O-O 10. O-O Rb8 11. Nf3 b5 12. Rc1 Bd7 13. Qc2 g6 14. Bh6 Rfc8 15. Nh4 b4 16. Qd2 bxc3 17. Qg5 Ne8 18. Bxg6 hxg6 19. Nxg6 fxg6 20. Qxg6+ Kh8 21. Rxc3 Ne7 22. Qh5 Bc6 23. Nf4 Nf5 24. Rxc6 Qh7 25. Rxc8 Rxc8 26. Ng6+ Kg8 27. Qg4 Neg7 28. Bxg7 Qxg7 29. Ne5 Qxg4 30. hxg4 Nxd4 31. Nd3 Rc2 32. g3 Rd2 33. Nf4 Bxf4 34. gxf4 Rxb2 35. Rd1 Ne2+ 36. Kg2 Nxf4+ 37. Kf3 Ng6 38. Kg3 Rxa2 39. Rb1 Ra3+ 40. Kg2 Kf7 41. g5 Nf4+ 42. Kh2 Kg6 0-1

[Event "Quebec op"]
[Site "Montreal CAN"]
[Date "2005.07.23"]
[Round "8"]
[White "Gacogne, Charlie"]
[Black "Yuan, Yuanling"]
[Result "1-0"]
[WhiteElo "2003"]
[BlackElo "1995"]
[PlyCount "61"]
[GameId "2160767910901039"]
[EventDate "2005.07.17"]
[EventType "swiss"]
[EventRounds "9"]
[EventCountry "CAN"]
[SourceTitle "hb 2012"]

1. e4 c5 2. Nc3 Nc6 3. g3 g6 4. Bg2 Bg7 5. Nge2 e6 6. d3 Nge7 7. Be3 d6 8. Qd2 O-O 9. Bh6 Nd4 10. Bxg7 Kxg7 11. h4 h5 12. g4 hxg4 13. h5 Rh8 14. O-O-O gxh5 15. Ng3 h4 16. Rxh4 Rxh4 17. Qg5+ Kf8 18. Qxh4 e5 19. Nd5 f6 20. Qxf6+ Ke8 21. Rh1 Kd7 22. Rh8 Qa5 23. Qxe7+ Kc6 24. Nc3 b5 25. Rh6 Be6 26. Rxe6 Nxe6 27. Qxe6 Rd8 28. Nf5 b4 29. Ne7+ Kc7 30. Ncd5+ Kb7 31. Ne3 1-0

[Event "Quebec op"]
[Site "Montreal CAN"]
[Date "2005.07.23"]
[Round "8"]
[White "Larochelle, Martial"]
[Black "Fernandez, Lautaro"]
[Result "0-1"]
[WhiteElo "2140"]
[BlackElo "2120"]
[PlyCount "78"]
[GameId "2160767910901040"]
[EventDate "2005.07.17"]
[EventType "swiss"]
[EventRounds "9"]
[EventCountry "CAN"]
[SourceTitle "hb 2012"]

1. d4 Nf6 2. c4 c5 3. d5 e6 4. Nc3 exd5 5. cxd5 d6 6. Nf3 g6 7. Bf4 a6 8. e4 Qe7 9. Bd3 Bg7 10. a4 O-O 11. O-O Bg4 12. h3 Bxf3 13. Qxf3 Nbd7 14. Qe3 Rfe8 15. Bh6 Bh8 16. Rae1 Nh5 17. Kh1 Bd4 18. Qd2 Rad8 19. Ne2 Bg7 20. Bxg7 Nxg7 21. Ng1 Qh4 22. Nf3 Qf6 23. Nh2 Qd4 24. Qc2 Ne5 25. Be2 f5 26. exf5 Nxf5 27. Nf3 Nxf3 28. Bxf3 Qf4 29. Be4 Nd4 30. Qd3 Qf6 31. Re3 Re7 32. Rg3 Kg7 33. Kg1 Rde8 34. f3 Re5 35. a5 Rxd5 36. Bxd5 Ne2+ 37. Kh2 Qf4 38. Be4 Nxg3 39. Qc3+ Kh6 0-1

[Event "Quebec op"]
[Site "Montreal CAN"]
[Date "2005.07.23"]
[Round "8"]
[White "Leclair, Hugues"]
[Black "Haukenfrers, Dale"]
[Result "0-1"]
[WhiteElo "1744"]
[BlackElo "2150"]
[PlyCount "104"]
[GameId "2160767910901041"]
[EventDate "2005.07.17"]
[EventType "swiss"]
[EventRounds "9"]
[EventCountry "CAN"]
[SourceTitle "hb 2012"]

1. e4 c5 2. Nf3 g6 3. d4 cxd4 4. Nxd4 a6 5. Bc4 Nf6 6. e5 Qa5+ 7. Nc3 Qxe5+ 8. Be3 Bg7 9. O-O O-O 10. Re1 d5 11. Bh6 Qd6 12. Bxg7 Kxg7 13. Be2 Nc6 14. Bf3 Nxd4 15. Qxd4 Be6 16. Rad1 Rad8 17. Na4 Rc8 18. Nc3 Rfd8 19. g4 Rc4 20. Qxc4 dxc4 21. Rxd6 Rxd6 22. g5 Nh5 23. Ne4 Rb6 24. b3 Rb5 25. h4 Re5 26. Rd1 Bg4 27. Bxg4 Rxe4 28. Bxh5 gxh5 29. Kg2 Rxh4 30. f3 cxb3 31. axb3 Rb4 32. Rd7 e6 33. Kf2 Kg6 34. Re7 h4 35. Rd7 b6 36. Ra7 a5 37. Rb7 b5 38. Ke3 h3 39. Kf2 a4 40. bxa4 Rxa4 41. Rxb5 Rc4 42. Kg3 Rc3 43. Rb3 Rxb3 44. cxb3 Kxg5 45. b4 Kf6 46. Kxh3 Ke5 47. Kg4 f5+ 48. Kg5 Kd4 49. f4 Kc4 50. Kf6 h5 51. Kg5 Kxb4 52. Kxh5 Kc4 0-1

[Event "Quebec op"]
[Site "Montreal CAN"]
[Date "2005.07.23"]
[Round "8"]
[White "Libersan, Thierry"]
[Black "Tessier, Olivier"]
[Result "1/2-1/2"]
[WhiteElo "2067"]
[BlackElo "2136"]
[PlyCount "37"]
[GameId "2160767910901042"]
[EventDate "2005.07.17"]
[EventType "swiss"]
[EventRounds "9"]
[EventCountry "CAN"]
[SourceTitle "hb 2012"]

1. e4 c5 2. Nf3 Nf6 3. Nc3 e6 4. d4 d5 5. Bg5 dxe4 6. Nxe4 cxd4 7. Bxf6 gxf6 8. Qxd4 Qxd4 9. Nxd4 f5 10. Bb5+ Ke7 11. Nc3 a6 12. Be2 Bg7 13. O-O-O Rd8 14. Nb3 Rxd1+ 15. Rxd1 Bxc3 16. bxc3 Nc6 17. f4 b6 18. Bf3 Bd7 19. Nd4 1/2-1/2